000 00614cam a2200193 4500500
005 20260329010019.0
041 _afre
042 _adc
100 1 0 _aLarmagnac-Matheron, Octave
_eauthor
245 0 0 _aBouddha, l’Éveillé
260 _c2020.
500 _a42
690 _aBouddha
690 _aBouddhisme
690 _aÉveil
690 _aImpermanence
786 0 _nPhilosophie magazine - Hors séries | Hors-série Hiver-Pritemps 2020 | HS44 | 2020-04-01 | p. 17-17 | 2104-9246
856 4 1 _uhttps://shs.cairn.info/magazine-philosophie-magazine-2020-hs44-page-17?lang=fr&redirect-ssocas=7080
999 _c1848744
_d1848745